00799nam a2200217 i 450000100060000000300090000600500170001500700030003200800410003510000300007624501000010626000320020630000340023849000360027265000300030870000360033883000460037485200220042099900170044295201220045937272ES-MaACL20250814230645.0t|030220s1973 sp ||||1| spa d1 aBuchanan, Colin D.93228113aEl tráfico en las ciudades / cColin D. Buchanan ; [traducción por Agustín Gil Lasierra]. aMadrid : bTecnos, c[1973] a254 p. : b8 plan. ; c24 cm.1 aCiencias sociales. Sociología 4aTráfico urbano.91713001 aGil Lasierra, Agustín.95683110aCiencias sociales. pSociología9181951 aES-MaACLjC-51881 c37272d37272 00104070aATENEOMbATENEOMcDEPO2d2008-01-17eSCl0oC-51881p1039221r2023-02-23 00:00:00w2023-02-23yMONOGRAFIA